000 00310nam a22001337a 4500
020 _a81-261-1242-5
082 _a574
_bSUN/B
100 _aS.SUNDARA RAJAN
245 _aBIOLOGY QUESTION BANK
260 _aDELHI
_bANMOL PUBLICATIONS
_c2002
300 _a432
650 _aBIOLOGY FOR CLASS XII
_zINDIA
942 _cBK
999 _c727
_d727